Stuttgart Champions League XIs - Statistics

General Stats
  • This quiz has been taken 167 times
  • The average score is 10 of 27
Answer Stats
Answer % Correct
Mario Gómez
84%
Timo Hildebrand
67%
Cacau
66%
Sami Khedira
64%
Kevin Kurányi
51%
Jens Lehmann
48%
Serdar Tasci
45%
Philipp Lahm
42%
Fernando Meira
39%
Pável Pardo
39%
Raphael Schäfer
37%
Marcelo Bordon
36%
Matthieu Delpierre
36%
Ricardo Osorio
36%
Andreas Hinkel
35%
Aliaksandr Hleb
33%
Roberto Hilbert
32%
Arthur Boka
29%
Zvonimir Soldo
26%
Christian Träsch
25%
Pavel Pogrebnyak
24%
Horst Heldt
22%
Imre Szabics
21%
Zdravko Kuzmanović
21%
Stefano Celozzi
11%
Jurica Vranješ
9%
Alexander Farnerud
7%
No matching quizzes found
Score Distribution
Percent of People with Each Score
Percentile by Number Answered
Your Score History
You have not taken this quiz